00505 2200181 4500245005300000250001100053700001900064700002800083700002400111100001400135650002100149005001900170260007600189041001400265084001000279300002500289336000900314 aKandas Sarai b : Sambal SeraicSisraverahText aCet. 1 aNovaro Christi aDr. Natalina Asie, M.A. aLida Karyani, M.Li. aSisravera aCerita Bergambar a20241004140108 aJakartabKementerian Pendidikan, Kebudayaan, Riset, dan Teknologic2023 aIndonesia a741.5 a23 :b29,7 cm ;cPDF atext